Introduction to environmental management system

Bibliographic Details
Main Author: Aminatuzuhariah Megat Abdullah
Format: Book
Published: Skudai, Johor : UTM , 12007
Subjects:

MARC

LEADER 00000cam a2200000 7i4500
001 0000004091
005 20160420.0
020 0 0 |a 9789835204289 
090 0 0 |a 720.47   |b AMA 2007 
100 0 0 |a Aminatuzuhariah Megat Abdullah 
245 1 0 |a Introduction to environmental management system   |c Aminatuzuhariah Megat Abdullah 
260 0 0 |a Skudai, Johor :   |b UTM ,   |c 12007 
300 |a xi,179 p. :   |b . ill. ;   |c 24 cm. 
500 0 0 |a Includes Bibliography and index 
650 0 0 |a Architecture and climate 
650 0 0 |a Architecture---environmental aspects 
650 0 0 |a Buildings---environmental engineering 
998 |a JPSM 
999 |a 007959   |b Monograph   |c Open Shelf   |e Default branch